[Event "NK Jeugd B"]
[Site "Venlo"]
[Date "2009.05.01"]
[Round "8"]
[White "Von Meijenfeldt, Bart"]
[Black "Klapwijk, Bram"]
[Result "0-1"]
[WhiteElo "1984"]
[BlackElo "1869"]
[PlyCount "72"]
[EventDate "2009.04.24"]
[EventType "swiss"]
[EventRounds "9"]
[EventCountry "NED"]
[SourceDate "2009.04.30"]

1. e4 c5 2. Nc3 Nc6 3. Bb5 Nd4 4. Bc4 e6 5. Nge2 Nf6 6. O-O a6 7. d3 b5 8. Bb3
Nxb3 9. axb3 Bb7 10. Ng3 h5 11. f4 Ng4 12. h3 Nf6 13. f5 Qc7 14. Rf3 Bd6 15.
Nf1 O-O-O 16. Bg5 Be5 17. Ra2 d5 18. Qe1 Rde8 19. Nd2 b4 20. Na4 dxe4 21. dxe4
exf5 22. Rxf5 Nxe4 23. Nxe4 Bxe4 24. Rxe5 Qxe5 25. Qh4 Bxc2 26. Qc4 Qxg5 27.
Ra1 Qe3+ 28. Kh1 Bd3 29. Qxf7 Re7 30. Qd5 Be4 31. Qxc5+ Qxc5 32. Nxc5 Bb7 33.
Nd3 Re2 34. Rc1+ Kb8 35. Nc5 Rc8 36. Nd7+ Ka7 0-1

[Event "NK Jeugd B"]
[Site "Venlo"]
[Date "2009.05.01"]
[Round "8"]
[White "Heller, Milan"]
[Black "Van Meegen, Ruud"]
[Result "1-0"]
[WhiteElo "1922"]
[BlackElo "1865"]
[PlyCount "59"]
[EventDate "2009.04.24"]
[EventType "swiss"]
[EventRounds "9"]
[EventCountry "NED"]
[SourceDate "2009.04.30"]

1. d4 d5 2. Nf3 Nf6 3. c4 c6 4. Nc3 dxc4 5. a4 Bf5 6. Ne5 Nbd7 7. Nxc4 e6 8. g3
Bb4 9. Bg2 Nb6 10. Ne5 Ne4 11. Bxe4 Bxe4 12. f3 Bg6 13. e4 f6 14. Nxg6 hxg6 15.
a5 Nc4 16. a6 b5 17. O-O Qb6 18. Kg2 Rd8 19. Ne2 e5 20. Qb3 Ba5 21. dxe5 fxe5
22. Bg5 Rb8 23. Rad1 Qxa6 24. f4 Qc8 25. f5 Rh5 26. h4 Bb6 27. Rf3 gxf5 28.
Rxf5 Qe6 29. Qb4 c5 30. Qxb5+ 1-0

[Event "NK Jeugd B"]
[Site "Venlo"]
[Date "2009.05.01"]
[Round "8"]
[White "Otten, Martijn"]
[Black "Duburg, Jamie"]
[Result "1-0"]
[WhiteElo "1735"]
[BlackElo "1842"]
[PlyCount "65"]
[EventDate "2009.04.24"]
[EventType "swiss"]
[EventRounds "9"]
[EventCountry "NED"]
[SourceDate "2009.04.30"]

1. c4 e5 2. Nc3 Nf6 3. Nf3 Nc6 4. g3 d5 5. cxd5 Nxd5 6. Bg2 Nxc3 7. dxc3 Qxd1+
8. Kxd1 Bc5 9. e3 O-O 10. b4 Bd6 11. h3 Be6 12. Nd2 f5 13. e4 f4 14. g4 Rfd8
15. Kc2 Ne7 16. f3 a6 17. Bf1 c5 18. b5 axb5 19. Bxb5 Nc8 20. Bb2 Nb6 21. a4
Bc7 22. Rhd1 Rd6 23. Ba3 Nd7 24. Nc4 Rxd1 25. Rxd1 Rd8 26. Nd6 Nf8 27. Bxc5 b6
28. Ba3 Ng6 29. Bc4 Bxc4 30. Nxc4 Rxd1 31. Kxd1 Nh4 32. Ke2 Kf7 33. Bd6 1-0

[Event "NK Jeugd B"]
[Site "Venlo"]
[Date "2009.05.01"]
[Round "8"]
[White "Wiegers, Kasper"]
[Black "Swinkels, Maurice"]
[Result "1/2-1/2"]
[WhiteElo "1518"]
[BlackElo "1972"]
[PlyCount "46"]
[EventDate "2009.04.24"]
[EventType "swiss"]
[EventRounds "9"]
[EventCountry "NED"]
[SourceDate "2009.04.30"]

1. e4 c5 2. d4 cxd4 3. c3 Nf6 4. e5 Nd5 5. Nf3 e6 6. cxd4 d6 7. Nc3 Nc6 8. Bd3
Be7 9. O-O a6 10. Qe2 b5 11. Qe4 Bb7 12. Qg4 g6 13. Nxd5 exd5 14. Re1 Bc8 15.
Qg3 Be6 16. Bf4 dxe5 17. Nxe5 Nxd4 18. Nxf7 Kxf7 19. Bc7 Qd7 20. Qf4+ Nf5 21.
g4 g5 22. Qf3 Qxc7 23. gxf5 Bd7 1/2-1/2

[Event "NK Jeugd B"]
[Site "Venlo"]
[Date "2009.05.01"]
[Round "8"]
[White "Faber, Jort"]
[Black "Evengroen, Henk Jan"]
[Result "1/2-1/2"]
[WhiteElo "1840"]
[BlackElo "1933"]
[PlyCount "100"]
[EventDate "2009.04.24"]
[EventType "swiss"]
[EventRounds "9"]
[EventCountry "NED"]
[SourceDate "2009.04.30"]

1. c4 e5 2. Nc3 Bb4 3. g3 c6 4. Bg2 Nf6 5. a3 Bxc3 6. bxc3 d5 7. cxd5 cxd5 8.
Nf3 Nc6 9. d3 O-O 10. O-O Qc7 11. Qc2 Bg4 12. Be3 Rac8 13. Rfc1 Rfe8 14. h3 Be6
15. Rab1 Qd7 16. Ng5 Bf5 17. g4 Bg6 18. Nf3 e4 19. Nh4 d4 20. cxd4 exd3 21.
exd3 Nxd4 22. Qb2 Bxd3 23. Qxd4 Bxb1 24. Rxb1 b6 25. Qxd7 Nxd7 26. Nf5 Rc3 27.
Nd6 Re6 28. Nb5 Rc2 29. Nd4 Ra2 30. Nxe6 fxe6 31. a4 Ne5 32. Rb4 Kf7 33. Be4 h6
34. Bf4 Kf6 35. Kg2 a5 36. Rxb6 Rxa4 37. Bd5 Nxg4 38. Rxe6+ Kf5 39. hxg4+ Kxf4
40. Rg6 Rd4 41. Be6 Rd6 42. Kh3 a4 43. Bf5 Rxg6 44. Bxg6 a3 45. Bf7 Kf3 46. Kh4
Kxf2 47. Kh5 Kg3 48. Be6 g6+ 49. Kxg6 a2 50. Bxa2 Kxg4 1/2-1/2

[Event "NK Jeugd B"]
[Site "Venlo"]
[Date "2009.05.01"]
[Round "8"]
[White "Mostertman, Xander"]
[Black "Damen, Igor"]
[Result "1/2-1/2"]
[WhiteElo "1837"]
[BlackElo "1738"]
[PlyCount "31"]
[EventDate "2009.04.24"]
[EventType "swiss"]
[EventRounds "9"]
[EventCountry "NED"]
[SourceDate "2009.04.30"]

1. e4 e5 2. Nf3 Nc6 3. Bc4 d6 4. h3 Be7 5. Nc3 Nf6 6. d4 Nxd4 7. Nxd4 exd4 8.
Qxd4 Be6 9. Bf4 Bxc4 10. Qxc4 a6 11. O-O O-O 12. Rad1 Qc8 13. a4 Bd8 14. b4 Qe6
15. Qxe6 fxe6 16. e5 1/2-1/2

[Event "NK Jeugd B"]
[Site "Venlo"]
[Date "2009.05.01"]
[Round "8"]
[White "Gunther, Justin"]
[Black "Beijerinck, Nick"]
[Result "1/2-1/2"]
[WhiteElo "2015"]
[BlackElo "1938"]
[PlyCount "62"]
[EventDate "2009.04.24"]
[EventType "swiss"]
[EventRounds "9"]
[EventCountry "NED"]
[SourceDate "2009.04.30"]

1. e4 c5 2. Nf3 e6 3. d4 cxd4 4. Nxd4 Nc6 5. Nc3 Qc7 6. Be3 a6 7. Qd2 Nf6 8. f3
Bb4 9. O-O-O Ne5 10. g4 O-O 11. h4 Ne8 12. g5 b5 13. h5 Rb8 14. Be2 Nc4 15.
Bxc4 bxc4 16. Qh2 Bd6 17. e5 Bxe5 18. f4 Bd6 19. Ne4 Qb7 20. Nxd6 Qxb2+ 21. Kd2
Nxd6 22. Ke2 Nf5 23. Nxf5 Qxc2+ 24. Rd2 Qxf5 25. Rc1 a5 26. h6 c3 27. Rxc3 Rb1
28. Bd4 Qg4+ 29. Ke3 Rf1 30. Rf2 Rg1 31. hxg7 Re1+ 1/2-1/2

[Event "NK Jeugd B"]
[Site "Venlo"]
[Date "2009.05.01"]
[Round "8"]
[White "Laan, Kart"]
[Black "Manoch, Maurice"]
[Result "1/2-1/2"]
[WhiteElo "1615"]
[BlackElo "1833"]
[PlyCount "107"]
[EventDate "2009.04.24"]
[EventType "swiss"]
[EventRounds "9"]
[EventCountry "NED"]
[SourceDate "2009.04.30"]

1. d4 d5 2. c4 Nc6 3. Nf3 Bg4 4. cxd5 Qxd5 5. Nc3 Qd7 6. d5 Bxf3 7. exf3 Ne5 8.
Qb3 c6 9. Bf4 Ng6 10. dxc6 bxc6 11. Bc4 e5 12. Bg3 Nf6 13. O-O Bd6 14. Rad1 Qc7
15. Bxf7+ Qxf7 16. Qxf7+ Kxf7 17. Rxd6 Rac8 18. Ne4 Rhe8 19. Rc1 Nxe4 20. fxe4
Red8 21. Rxd8 Rxd8 22. f3 Rd2 23. Rb1 Nf4 24. Bxf4 exf4 25. a4 Ke6 26. b4 Ke5
27. b5 c5 28. a5 Rd7 29. b6 axb6 30. axb6 Rb7 31. Kf2 Kd6 32. Ke2 Kc6 33. Kd3
Rd7+ 34. Kc3 Kb7 35. Rb5 Kc6 36. b7 Rxb7 37. Rxb7 Kxb7 38. Kc4 Kc6 39. e5 g5
40. h4 gxh4 41. e6 Kd6 42. e7 Kxe7 43. Kxc5 Ke6 44. Kd4 Kf5 45. Kd5 h5 46. Kd4
Kg5 47. Ke4 h3 48. gxh3 Kh4 49. Kxf4 Kxh3 50. Kg5 h4 51. f4 Kg3 52. f5 h3 53.
f6 h2 54. f7 1/2-1/2

[Event "NK Jeugd B"]
[Site "Venlo"]
[Date "2009.05.02"]
[Round "9"]
[White "Klein, David"]
[Black "Admiraal, Miguoel"]
[Result "1-0"]
[WhiteElo "2239"]
[BlackElo "2163"]
[PlyCount "195"]
[EventDate "2009.04.24"]
[EventType "swiss"]
[EventRounds "9"]
[EventCountry "NED"]
[SourceDate "2009.05.01"]

1. e4 c5 2. Nf3 e6 3. d4 cxd4 4. Nxd4 Nf6 5. Nc3 Nc6 6. Ndb5 Bb4 7. a3 Bxc3+ 8.
Nxc3 d5 9. Bd3 d4 10. Ne2 e5 11. O-O O-O 12. f4 Ng4 13. f5 Ne3 14. Bxe3 dxe3
15. Qe1 Qg5 16. Rf3 Nd4 17. Rg3 Qh6 18. Nc3 b6 19. Nd5 Bb7 20. Qxe3 Qxe3+ 21.
Nxe3 Rac8 22. Rd1 Rfd8 23. Kf2 Kf8 24. Ke1 f6 25. h4 Rc7 26. c3 Nb3 27. Bc2
Rxd1+ 28. Nxd1 Nc5 29. Nf2 Rd7 30. b4 Na6 31. Rd3 Ke7 32. Rxd7+ Kxd7 33. Kd2
Nc7 34. Bd3 b5 35. g4 h6 36. Nh1 a6 37. Ng3 Ke7 38. Ne2 Ne8 39. Ke3 Nd6 40. Nc1
Kf7 41. Nb3 g6 42. Nc5 Bc8 43. h5 gxh5 44. gxh5 Ke7 45. Nb3 Bd7 46. Na5 Be8 47.
Be2 Kd7 48. c4 bxc4 49. Nxc4 Nxc4+ 50. Bxc4 Bxh5 51. Bxa6 Bd1 52. Be2 Bb3 53.
Bd3 Kc6 54. Kf3 Bd1+ 55. Kg3 Kb6 56. Kh4 Bf3 57. a4 Ka7 58. a5 Kb7 59. b5 Ka7
60. Kg3 Bd1 61. Kf2 Kb7 62. Be2 Bc2 63. Ke3 Ka7 64. Bh5 Ba4 65. Be8 Bc2 66. Kf3
Bd1+ 67. Kg3 Be2 68. Bc6 Bd1 69. Kh4 Bf3 70. b6+ Ka6 71. Bb5+ Kb7 72. Bd3 Bd1
73. Kg3 Bh5 74. Kf2 Bd1 75. Be2 Bc2 76. Ke3 Ba4 77. Kd2 Bc6 78. Bd3 h5 79. Ke3
Ba4 80. Be2 Bc6 81. Kf3 Ba4 82. Kg3 Bc6 83. Bf3 Ka6 84. Kh4 Kxa5 85. Kxh5 Kxb6
86. Kg6 Kc5 87. Kxf6 Kd4 88. Ke7 Ke3 89. f6 Kxf3 90. f7 Kxe4 91. f8=Q Kd5 92.
Kf6 e4 93. Kf5 Kc4 94. Kf4 Bd5 95. Ke3 Bc6 96. Qd6 Bd5 97. Qb6 Bg8 98. Qc7+ 1-0

[Event "NK Jeugd B"]
[Site "Venlo"]
[Date "2009.05.02"]
[Round "9"]
[White "Van der Lende, Ilias"]
[Black "Ten Hertog, Hugo"]
[Result "0-1"]
[WhiteElo "2105"]
[BlackElo "2008"]
[PlyCount "84"]
[EventDate "2009.04.24"]
[EventType "swiss"]
[EventRounds "9"]
[EventCountry "NED"]
[SourceDate "2009.05.01"]

1. e4 c5 2. c3 d5 3. exd5 Qxd5 4. d4 Nc6 5. Nf3 Bg4 6. Nbd2 cxd4 7. Bc4 Bxf3 8.
Qxf3 Qxf3 9. Nxf3 dxc3 10. bxc3 e6 11. Rb1 a6 12. Be3 b5 13. Bd3 Nf6 14. a4 b4
15. O-O Be7 16. Nd4 Ne5 17. Be2 bxc3 18. Bf4 Ng6 19. Bg3 O-O 20. Nc6 Bc5 21.
Rfc1 Nd5 22. Bf3 Rac8 23. Nb8 Ba3 24. Rc2 Nb4 25. Rxb4 Bxb4 26. Nxa6 Ba5 27. h4
Rc4 28. Be2 Rxa4 29. Nc5 Ra3 30. h5 Rc8 31. Kh2 Rxc5 32. Bd6 Bc7 33. Bxc7 Rxc7
34. hxg6 hxg6 35. Kg3 Rd7 36. Rc1 Rd2 37. Bf3 c2 38. Kf4 Rb3 39. Be4 Rxf2+ 40.
Ke5 Rb4 41. Bd3 Rd2 42. Be4 Re2 0-1

[Event "NK Jeugd B"]
[Site "Venlo"]
[Date "2009.05.02"]
[Round "9"]
[White "Rauw, Gert Jan"]
[Black "Mostertman, Milan"]
[Result "1-0"]
[WhiteElo "2006"]
[BlackElo "2142"]
[PlyCount "85"]
[EventDate "2009.04.24"]
[EventType "swiss"]
[EventRounds "9"]
[EventCountry "NED"]
[SourceDate "2009.05.01"]

1. e4 c5 2. Nf3 d6 3. d4 cxd4 4. Nxd4 Nf6 5. Nc3 g6 6. f4 Bg7 7. e5 Nh5 8. Bb5+
Bd7 9. e6 fxe6 10. Nxe6 Bxc3+ 11. bxc3 Qc8 12. Qd4 Nf6 13. Qc4 Nc6 14. Ng5 d5
15. Qd3 O-O 16. O-O Bf5 17. Qe3 h6 18. Nf3 Bxc2 19. Bxc6 bxc6 20. Qxe7 Be4 21.
Ne5 Ng4 22. Ba3 Qf5 23. Qh4 Ne3 24. Bxf8 Nxg2 25. Qxh6 Rxf8 26. Nxg6 Re8 27.
Qh8+ Kf7 28. Ne5+ Ke7 29. Qg7+ Kd6 30. Nf7+ Ke6 31. Ng5+ Kd6 32. Nxe4+ Rxe4 33.
Qxg2 Re6 34. Kh1 Rg6 35. Qf3 Rh6 36. Rae1 Rh3 37. Qe2 Qh7 38. Qe5+ Kd7 39. Qe8+
Kd6 40. Re6+ Kc5 41. Qf8+ Kc4 42. Qb4+ Kd3 43. Qd4+ 1-0

[Event "NK Jeugd B"]
[Site "Venlo"]
[Date "2009.05.02"]
[Round "9"]
[White "Pijpers, Arthur"]
[Black "Sekandar, Kambiz"]
[Result "1-0"]
[WhiteElo "2185"]
[BlackElo "1858"]
[PlyCount "69"]
[EventDate "2009.04.24"]
[EventType "swiss"]
[EventRounds "9"]
[EventCountry "NED"]
[SourceDate "2009.05.01"]

1. e4 e5 2. Nf3 Nc6 3. Bb5 a6 4. Ba4 Nf6 5. O-O b5 6. Bb3 Be7 7. Re1 d6 8. c3
O-O 9. d4 Bg4 10. d5 Na5 11. Bc2 c5 12. h3 Bh5 13. Nbd2 Qb6 14. Nf1 b4 15. g4
Bg6 16. Ng3 Rfc8 17. g5 Nh5 18. Nxe5 Nxg3 19. Nxg6 hxg6 20. fxg3 b3 21. axb3
Nxb3 22. Bxb3 c4+ 23. Be3 Qxb3 24. Qxb3 cxb3 25. Ra3 a5 26. Rxb3 Rcb8 27. Rxb8+
Rxb8 28. Ra1 Rxb2 29. Rxa5 Re2 30. Ra8+ Kh7 31. Bf4 f6 32. Re8 fxg5 33. Rxe7
gxf4 34. gxf4 Re3 35. e5 1-0

[Event "NK Jeugd B"]
[Site "Venlo"]
[Date "2009.05.02"]
[Round "9"]
[White "Klapwijk, Bram"]
[Black "Hachijan, Armen"]
[Result "0-1"]
[WhiteElo "1869"]
[BlackElo "2085"]
[PlyCount "66"]
[EventDate "2009.04.24"]
[EventType "swiss"]
[EventRounds "9"]
[EventCountry "NED"]
[SourceDate "2009.05.01"]

1. e4 c5 2. Nc3 Nc6 3. Bb5 Nd4 4. Bc4 g6 5. Nge2 Bg7 6. Nxd4 cxd4 7. Ne2 d6 8.
d3 Qb6 9. O-O Nf6 10. c3 dxc3 11. bxc3 O-O 12. Be3 Qa5 13. f3 d5 14. Bb3 dxe4
15. dxe4 Nd7 16. Bd4 Bh6 17. Rb1 Nc5 18. Bc4 Bd7 19. Nc1 Qc7 20. Nd3 Nxd3 21.
Bxd3 e5 22. Bf2 Be6 23. c4 b6 24. Qc2 Rac8 25. c5 Qe7 26. Ba6 Rc7 27. Qb2 bxc5
28. Qxe5 Bg7 29. Qf4 Bxa2 30. Rb5 Bc4 31. Ra5 Bxf1 32. Bxf1 Bd4 33. Bxd4 cxd4
0-1

[Event "NK Jeugd B"]
[Site "Venlo"]
[Date "2009.05.02"]
[Round "9"]
[White "Slagter, David"]
[Black "Van Dorp, Jan"]
[Result "0-1"]
[WhiteElo "1984"]
[BlackElo "1960"]
[PlyCount "88"]
[EventDate "2009.04.24"]
[EventType "swiss"]
[EventRounds "9"]
[EventCountry "NED"]
[SourceDate "2009.05.01"]

1. Nf3 c5 2. g3 Nf6 3. Bg2 g6 4. O-O Bg7 5. d4 d5 6. c3 Nc6 7. Qa4 O-O 8. Rd1
Bf5 9. dxc5 h6 10. Nd4 Bd7 11. Nxc6 Bxc6 12. Qc2 Qc7 13. Nd2 e5 14. Nb3 Rad8
15. a4 Rfe8 16. Bd2 Bd7 17. Qc1 Kh7 18. c4 d4 19. Na5 e4 20. b4 Nh5 21. Ra3 f5
22. e3 d3 23. Bc3 g5 24. Bxg7 Nxg7 25. Nb3 Kg6 26. Nd4 h5 27. Rf1 h4 28. Ra2
Rh8 29. g4 Rde8 30. f4 fxg4 31. fxg5 h3 32. Bh1 g3 33. Rf6+ Kh7 34. Rd6 g2 35.
Bxg2 hxg2 36. Rxg2 Nf5 37. Nxf5 Bxf5 38. Qb2 Qg7 39. g6+ Kg8 40. Qa2 Bh3 41. c6
Bxg2 42. c5+ Kf8 43. cxb7 Bf3 44. b8=Q Rxb8 0-1

[Event "NK Jeugd B"]
[Site "Venlo"]
[Date "2009.05.02"]
[Round "9"]
[White "Van den Bergh, Don"]
[Black "Otten, Martijn"]
[Result "0-1"]
[WhiteElo "1757"]
[BlackElo "1735"]
[PlyCount "108"]
[EventDate "2009.04.24"]
[EventType "swiss"]
[EventRounds "9"]
[EventCountry "NED"]
[SourceDate "2009.05.01"]

1. e4 e6 2. d4 d5 3. Nc3 Nf6 4. e5 Nfd7 5. f4 c5 6. Nf3 Nc6 7. Be3 a6 8. Qd2 b5
9. h4 Qb6 10. Ne2 f6 11. c3 Be7 12. f5 exf5 13. Nf4 cxd4 14. Bxd4 Nxd4 15. Nxd4
Nxe5 16. Nxd5 Qd6 17. Bxb5+ Kf8 18. Nxe7 Qxe7 19. Be2 Kf7 20. O-O Rd8 21. Qc2
Qc5 22. Rad1 Rxd4 23. Rxd4 Nc6 24. Qb3+ Kf8 25. Qc4 Qb6 26. Rfd1 Nxd4 27. Qxd4
Qxd4+ 28. Rxd4 Be6 29. Bc4 Ke7 30. Kf2 g5 31. Ke3 Ra7 32. Bxe6 Kxe6 33. c4 a5
34. Rd5 gxh4 35. Kf4 Rg7 36. Kf3 Rg4 37. Rxa5 Rxc4 38. a3 h5 39. b4 Rc3+ 40.
Kf2 h3 41. gxh3 Rxh3 42. a4 Rb3 43. b5 h4 44. Ra8 Rb2+ 45. Kg1 Ke5 46. Rb8 h3
47. b6 f4 48. a5 h2+ 49. Kh1 f3 50. Rc8 Rb1+ 51. Kxh2 f2 52. b7 f1=Q 53. b8=Q+
Rxb8 54. Rxb8 Qa6 0-1

[Event "NK Jeugd B"]
[Site "Venlo"]
[Date "2009.05.02"]
[Round "9"]
[White "Heller, Milan"]
[Black "Wiegers, Kasper"]
[Result "1/2-1/2"]
[WhiteElo "1922"]
[BlackElo "1518"]
[PlyCount "72"]
[EventDate "2009.04.24"]
[EventType "swiss"]
[EventRounds "9"]
[EventCountry "NED"]
[SourceDate "2009.05.01"]

1. d4 Nf6 2. c4 c5 3. d5 e6 4. Nc3 exd5 5. cxd5 d6 6. e4 g6 7. f4 Bg7 8. Bb5+
Nfd7 9. a4 O-O 10. Nf3 Na6 11. O-O Re8 12. Re1 Nb4 13. Be3 a6 14. Bc4 f5 15.
Ng5 Nb6 16. Bf1 h6 17. Ne6 Bxe6 18. dxe6 fxe4 19. a5 Nc8 20. Nxe4 Bxb2 21. Rb1
Bg7 22. Bc4 Kh7 23. Qd2 Qxa5 24. Nxd6 Nxd6 25. Qxd6 Nc2 26. f5 Nxe1 27. fxg6+
Kh8 28. Bxh6 Qc3 29. Bxg7+ Qxg7 30. Rxb7 Nf3+ 31. gxf3 Qxg6+ 32. Kf1 Rg8 33.
Qe5+ Rg7 34. Rxg7 Qxg7 35. Qh5+ Qh7 36. Qe5+ Qg7 1/2-1/2

[Event "NK Jeugd B"]
[Site "Venlo"]
[Date "2009.05.02"]
[Round "9"]
[White "Evengroen, Henk Jan"]
[Black "Von Meijenfeldt, Bart"]
[Result "0-1"]
[WhiteElo "1933"]
[BlackElo "1984"]
[PlyCount "102"]
[EventDate "2009.04.24"]
[EventType "swiss"]
[EventRounds "9"]
[EventCountry "NED"]
[SourceDate "2009.05.01"]

1. d4 Nf6 2. c4 g6 3. Nc3 Bg7 4. e4 d6 5. Nf3 O-O 6. Be2 e5 7. O-O Nc6 8. d5
Ne7 9. b4 Nh5 10. g3 f5 11. Ng5 Nf6 12. f3 f4 13. Kg2 c6 14. c5 h6 15. Ne6 Bxe6
16. dxe6 d5 17. Bb2 Qc8 18. Qb3 Qxe6 19. Rfe1 Rad8 20. exd5 Nfxd5 21. Nxd5 cxd5
22. g4 h5 23. h3 Qf6 24. Bf1 hxg4 25. hxg4 Qg5 26. Qc3 Nf5 27. Rxe5 Bxe5 28.
Qxe5 Ne3+ 29. Kg1 Qxe5 30. Bxe5 Rde8 31. Bd6 Rf6 32. Bb5 Ra8 33. Bd7 Rd8 34.
Be7 Rxd7 35. Bxf6 d4 36. Bg5 d3 37. Bxf4 d2 38. Bxe3 d1=Q+ 39. Rxd1 Rxd1+ 40.
Kf2 Ra1 41. Kg3 Rxa2 42. Bd4 Kf7 43. f4 Ra4 44. c6 bxc6 45. Bc5 a5 46. bxa5
Rxa5 47. Be3 Ke6 48. Kf3 Kd5 49. f5 gxf5 50. gxf5 Ke5 51. Kg4 Ke4 0-1

[Event "NK Jeugd B"]
[Site "Venlo"]
[Date "2009.05.02"]
[Round "9"]
[White "Swinkels, Maurice"]
[Black "Faber, Jort"]
[Result "0-1"]
[WhiteElo "1972"]
[BlackElo "1840"]
[PlyCount "160"]
[EventDate "2009.04.24"]
[EventType "swiss"]
[EventRounds "9"]
[EventCountry "NED"]
[SourceDate "2009.05.01"]

1. e4 c5 2. Nf3 Nc6 3. d4 cxd4 4. Nxd4 Nf6 5. Nc3 d6 6. Bg5 Bd7 7. Qd2 Nxd4 8.
Qxd4 Qa5 9. f4 h6 10. Bh4 Rc8 11. Be2 Qc5 12. O-O-O Qxd4 13. Rxd4 Bc6 14. e5
dxe5 15. fxe5 Nd7 16. e6 fxe6 17. Bh5+ Kd8 18. Bg3 g6 19. Bxg6 Bg7 20. Rd2 Bxc3
21. bxc3 Bd5 22. Re1 Rxc3 23. Kb2 Rc6 24. Bd3 Nb6 25. Bb5 Rc5 26. a4 a6 27.
Rxe6 Rxb5+ 28. Kc1 Nxa4 29. c4 Kd7 30. Re5 Rc8 31. Rexd5+ Rxd5 32. Rxd5+ Ke6
33. Re5+ Kf7 34. Re4 Nb6 35. Rf4+ Ke8 36. Kb2 Nxc4+ 37. Kb3 Ne3 38. Rf2 Nd5 39.
Rf5 Ne3 40. Re5 Ng4 41. Rh5 Rc6 42. h3 Ne3 43. Re5 Nc4 44. Rh5 Kf7 45. Bf4 Kg7
46. g3 b5 47. h4 Rg6 48. Kb4 e5 49. Bxe5+ Nxe5 50. Rxe5 Rxg3 51. h5 Rg4+ 52.
Kb3 Kf6 53. Rc5 Rc4 54. Rd5 Ke6 55. Rd1 Rc5 56. Ra1 Rc6 57. Kb4 Rc4+ 58. Kb3
Kf5 59. Rxa6 Kg5 60. Rb6 Rc5 61. Kb4 Rf5 62. Rg6+ Kxh5 63. Rg1 Rg5 64. Rh1+ Kg6
65. Rh2 h5 66. Rh1 Rf5 67. Rg1+ Kf6 68. Rh1 Kg5 69. Rg1+ Kh4 70. Rh1+ Kg3 71.
Rg1+ Kh2 72. Rg8 h4 73. Rg7 h3 74. Rg8 Kh1 75. Rg7 h2 76. Rg8 Rf1 77. Kxb5 Rg1
78. Rf8 Kg2 79. Rg8+ Kf3 80. Rf8+ Kg4 0-1

[Event "NK Jeugd B"]
[Site "Venlo"]
[Date "2009.05.02"]
[Round "9"]
[White "Beijerinck, Nick"]
[Black "Van Meegen, Ruud"]
[Result "0-1"]
[WhiteElo "1938"]
[BlackElo "1865"]
[PlyCount "56"]
[EventDate "2009.04.24"]
[EventType "swiss"]
[EventRounds "9"]
[EventCountry "NED"]
[SourceDate "2009.05.01"]

1. e4 c5 2. Nf3 d6 3. d4 cxd4 4. Nxd4 Nf6 5. Nc3 g6 6. Be3 Bg7 7. f3 O-O 8. Qd2
Nc6 9. Bc4 Bd7 10. O-O-O Rc8 11. Bb3 Ne5 12. Kb1 b5 13. Ndxb5 Nc4 14. Bxc4 Rxc4
15. g4 Qb8 16. Nd4 Rfc8 17. Nde2 Nxe4 18. fxe4 Bxc3 19. Nxc3 Rxc3 20. Bd4 Rxc2
21. Qxc2 Rxc2 22. Kxc2 Bxg4 23. Rc1 Qb4 24. Bc3 Qxe4+ 25. Kb3 d5 26. a4 d4 27.
Bb4 Be6+ 28. Ka3 Qd5 0-1

[Event "NK Jeugd B"]
[Site "Venlo"]
[Date "2009.05.02"]
[Round "9"]
[White "Damen, Igor"]
[Black "Laan, Kart"]
[Result "1/2-1/2"]
[WhiteElo "1738"]
[BlackElo "1615"]
[PlyCount "57"]
[EventDate "2009.04.24"]
[EventType "swiss"]
[EventRounds "9"]
[EventCountry "NED"]
[SourceDate "2009.05.01"]

1. e4 e6 2. d4 d5 3. e5 c5 4. c3 Nc6 5. Nf3 Qb6 6. a3 Nh6 7. b4 cxd4 8. cxd4
Nf5 9. Be3 Bd7 10. Be2 Rc8 11. O-O Be7 12. Qd2 O-O 13. Nc3 Nb8 14. Rfc1 Rc7 15.
Bd3 Nxe3 16. fxe3 Rfc8 17. Ne2 Bb5 18. Bxb5 Qxb5 19. Kf2 Nd7 20. Rxc7 Rxc7 21.
Rc1 Rc4 22. Rxc4 Qxc4 23. Qc3 b5 24. Nd2 Qxc3 25. Nxc3 a6 26. e4 dxe4 27. Ncxe4
Nb6 28. Nc3 Kf8 29. Ke2 1/2-1/2

[Event "NK Jeugd B"]
[Site "Venlo"]
[Date "2009.05.02"]
[Round "9"]
[White "Duburg, Jamie"]
[Black "Gunther, Justin"]
[Result "0-1"]
[WhiteElo "1842"]
[BlackElo "2015"]
[PlyCount "80"]
[EventDate "2009.04.24"]
[EventType "swiss"]
[EventRounds "9"]
[EventCountry "NED"]
[SourceDate "2009.05.01"]

1. e4 c5 2. d4 cxd4 3. c3 dxc3 4. Nxc3 Nc6 5. Nf3 g6 6. Bc4 Bg7 7. Qd5 e6 8.
Qd6 Nge7 9. Bf4 O-O 10. h4 h5 11. O-O Na5 12. Bd3 b6 13. Rfd1 Nb7 14. Qa3 d5
15. Nb5 Bd7 16. Rac1 Bxb5 17. Bxb5 Nc5 18. exd5 exd5 19. Ne5 a6 20. Bc4 Ne6 21.
Bg3 b5 22. Bxd5 Nxd5 23. Nc6 Qf6 24. Be5 Qxh4 25. Rxd5 Bxe5 26. Rxe5 Kh7 27.
Qe3 Rac8 28. Re4 Qf6 29. Ne5 Rxc1+ 30. Qxc1 Rd8 31. Qe1 Ng5 32. Re2 Rd4 33. a3
h4 34. Re3 Qf5 35. Nc6 Rf4 36. Nb4 Rg4 37. Kh1 h3 38. g3 a5 39. f3 axb4 40. Qf2
Ne4 0-1

[Event "NK Jeugd B"]
[Site "Venlo"]
[Date "2009.05.02"]
[Round "9"]
[White "Manoch, Maurice"]
[Black "Mostertman, Xander"]
[Result "1-0"]
[WhiteElo "1833"]
[BlackElo "1837"]
[PlyCount "63"]
[EventDate "2009.04.24"]
[EventType "swiss"]
[EventRounds "9"]
[EventCountry "NED"]
[SourceDate "2009.05.01"]

1. e4 e6 2. d4 d5 3. Nc3 Bb4 4. e5 c5 5. a3 Bxc3+ 6. bxc3 Ne7 7. Qg4 O-O 8. Nf3
Nbc6 9. Bd3 f5 10. exf6 Rxf6 11. Qh5 g6 12. Qg5 Qf8 13. h4 c4 14. Be2 Nf5 15.
g4 h6 16. Qd2 Ng7 17. Ne5 Nxe5 18. dxe5 Rxf2 19. Qxh6 Bd7 20. Be3 Rf7 21. h5
gxh5 22. g5 Nf5 23. Qxh5 Qg7 24. g6 Rff8 25. Bg5 Ng3 26. Qh7+ Qxh7 27. Rxh7 Ne4
28. Bh6 Be8 29. Rh8+ Kxh8 30. g7+ Kh7 31. gxf8=Q Bg6 32. Qg7# 1-0